Statistics for Biggest Cities In China ( In thousands)

Click here to take the quiz!

General Stats

  • This quiz has been taken 28 times
    (13 since last reset)
  • The average score is 11 of 15

Answer Stats

PopulationChinese NameCity% Correct
20,381北京Beijing
100%
15,773重庆Chongqing
89%
13,238广州Guangzhou
89%
27,058上海Shanghai
89%
13,552天津Tianjin
89%
9,104成都Chengdu
78%
7,603杭州Hangzhou
78%
8,789南京Nanjing
78%
7,191沈阳Shenyang
78%
8,346武汉Wuhan
78%
7,948西安Xi'an
78%
6,360哈尔滨Harbin
67%
12,313深圳Shenzhen
67%
7,402东莞Dongguan
44%
7,313佛山Foshan
33%

Score Distribution

Percentile by Number Answered

Percent of People with Each Score

Your Score History

You have not taken this quiz since the last reset